000 00474nam a2200157 i 4500
001 101485
003 ES-MaACL
005 20230906182923.0
007 t|
008 051019s1950 sp ||||1| spa d
100 1 _aMedina, José Luis.
_979699
245 1 3 _aEl alma del paisaje
_b: (Visiones de Castilla)... /
_cJosé Luis Medina.
260 _aValladolid :
_bSever Cuesta,
_c1950.
300 _a1 lám. ret. aut., 86 p. ;
_c20 cm.
852 _aES-MaACL
_jD-6049
_bR.30443
999 _c101485
_d101485